1813 1477 1023 1152 1871 1848 1307 1122 1952 1773 1801 1301 1877 1746 1436 1294 1741 1909 1357 1987 1188 1384 1267 1459 1232 1384 1383 1503 1187 1008 1004 1872 1074 1511 1841 1660 1331 1525 1550 1817 1214 1816 1886 1858 1568 1697 1168 1318 1349 1675 1326 1218 1378 1255 1727 1712 1273 1538 1847 1232 1261 1987 1498 1674 1133 1036 1683 1116 1998 1990 1444 1665 1228 1877 1598 1489 1038 1290 1781 1383 1312 1372 1674 1056 1861 1396 1747 1023 1263 1049 1008 1722 1014 1583 1976 1709 1385 1282 1570 BCNSPRNW ULIB Ver.6.0+V

เปลี่ยนเป็นภาษาไทย

Change to English
 แสดงรายละเอียดบรรณานุกรม
  กลับหน้าหลัก

Brief Record : Get Marc (ISO 2709) : E-mail record : QR code < ปิดหน้าต่าง
LEADER : 00000nam 2200000uu 4500
001    13399128575
003     ULIB
008    230912s2565||||th 000 0 tha d
020    ^a9786164436862
060  0 ^aWT20^bม686ส
110 2  ^aมูลนิธิสถาบันวิจัยและพัฒนาผู้สูงอายุไทย (มส.ผส.)
245 10 ^aสถานการณ์ผู้สูงอายุไทย พ.ศ. 2564/^cมูลนิธิสถาบันวิจัยและพัฒนาผู้สูงอายุไทย (มส.ผส.)
246 30 ^aSituation of the Thai elderly 2021
250    ^aพิมพ์ครั้งที่ 1
260    ^aนครปฐม:^bสถาบันวิจัยประชากรและสังคม มหาวิทยาลัยมหิดล,^c2565
300    ^a120 หน้า :^bภาพประกอบ ;^c30 ซม.
650  7 ^aผู้สูงอายุ^zไทย
650  7 ^aผู้สูงอายุ^xสถิติ
650  7 ^aผู้สูงอายุ^xการดำเนินชีวิต
650  7 ^aผู้สูงอายุ^xสุขภาพและอนามัย
650  7 ^aผู้สูงอายุ^xภาวะสังคม
650  7 ^aผู้สูงอายุ^xภาวะเศรษฐกิจ
945    ^p0^l0^i010324
945    ^p0^l0^i010325
999    ^aประนอม เกษจรัล
รายการนี้ยังไม่มีแท็ก
คุณยังไม่ได้ล็อกอิน คุณสามารถมีกิจกรรมร่วมกับเว็บไซต์ได้ แต่ต้องล็อกอินก่อน ::
  ล็อกอิน

รายการสื่อสารสนเทศ

ลำดับที่ ประเภท เลขเรียก/บาร์โค้ด สถานที่ สถานะ
1. วิทยาศาสตร์การแพทย์ และสุขภาพ
หนังสือสำรอง
สถานะ=หนังสือสำรอง
WT20 ม686ส ฉ.1 
  Barcode: 010324
ห้องสมุดวิทยาเขตสวรรค์ประชารักษ์
►หนังสือทั่วไป
บนชั้น
2. วิทยาศาสตร์การแพทย์ และสุขภาพ
วิทยาศาสตร์การแพทย์ และสุขภาพ
WT20 ม686ส ฉ.2 
  Barcode: 010325
ห้องสมุดวิทยาเขตสวรรค์ประชารักษ์
►หนังสือทั่วไป
บนชั้น

BibComment


ยังไม่เคยถูกคอมเมนท์

คอมเมนท์ทรัพยากรรายการนี้
  คอมเมนท์: สถานการณ์ผู้สูงอ..


 Copyright 2026. Bcnsprnw @Library